000 00336 a2200157 4500
001 176839
020 _a
040 _cMagnum
100 _aFerreira, Elita
240 1 0 _aA magia da transformacao
_lpor
245 1 0 _aA magia da transformacao
362 0 _a1899
440 1 _aBagaço
697 _aMAGNITO: IJ/ANIMAIS
942 _cBK
999 _c176839
_d176839